A-Z Fantastic Beasts Quiz Stats

 Plays Quiz not verified by Sporcle

Challenge
Share
Tweet
Embed
Score 0/23 Timer 05:00
0 Plays Today
Description Answer % Correct
A monstrous eight-eyed spider capable of human speech. Originated in Borneo, where it inhabits dense jungle.Acromantula
82.9%
A pure white, horned creature when fully grown, though the foals are initially golden, and turn silver before achieving maturity.Unicorn
80.2%
Has the head of a giant eagle and the body of a horse. Eye contact should be maintained when approaching it.Hippogriff
79.3%
Common garden pest found throughout northern Europe and North America. It may reach a foot in height, with a disproportionately large head and hard, bony feet.Gnome
77.5%
This creature has a human head on a lion's body and have been used by witches and wizards to guard valuables and secret hideaways.Sphinx
75.7%
A sane and normal wizard that transforms into a murderous beast at the full moon.Werewolf
74.8%
A native to Tibet, it is believed to be related to the troll. Up to fifteen feet in height, it is covered head to foot in the purest white hair.Yeti
73%
A fearsome creature up to twelve feet tall and weighing over a ton. Notable for its equally prodigious strength and stupidity, it is often violent and unpredictable.Troll
71.2%
Electric blue in color, up to eight inches in height and very mischievous, it delights in tricks and practical jokes of all descriptions. Pixie
70.3%
It achieves a height of up to six inches and is green in color. It is found only in Ireland.Leprechaun
68.5%
Fluffy, black, and long-snouted, this burrowing creature has a predilection for anything glittery.Niffler
62.2%
A small catlike creature with flecked, speckled, or spotted fur, outsize ears, and a tail like a lion's. Has an uncanny ability to detect suspicious characters.Kneazle
61.3%
Description Answer % Correct
A tree guardian creature found mainly in the west of England, southern Germany, and certain Scandinavian forests. Bowtruckle
58.6%
Often mistaken for a fairy because it also has a minute human form. Its body is covered in thick black hair and has an extra pair of arms and legs.Doxy
58.6%
A highly dangerous Greek beast with the head of a man, the body of a lion, and the tail of a scorpion. Their sting causes instant death.Manticore
55.9%
Often confused with a pixie, its preferred terrain is damp and marshy, and it will amuse itself by pushing and tripping the unwary into rivers.Imp
55%
These dwarflike creatures live in holes on old battlegrounds or wherever human blood has been spilled.Red Cap
53.2%
May be mistaken for a rhinoceros at a distance. Its horn can pierce everything from skin to metal, and contains a deadly fluid which will cause things to explode.Erumpent
47.7%
A rare Greek monster with a lion's head, a goat's body, and a dragon's tail. It is vicious, bloodthirsty, and extremely dangerous.Chimaera
45.9%
Lives in damp ditches. One end is indistinguishable from the other, both producing the mucus from which its name is derived.Flobberworm
45%
A plumed, two-legged winged creature with a serpentine body that may reach a length of fifteen feet.Occamy
27%
Also known as a Hairy MacBoon, this creature is a highly dangerous carnivorous beast with a particular taste for humans. It has five legs which each end in a clubfoot.Quintaped
27%
Resembles an overgrown ferret in most respects, except for the fact that it can talk.Jarvey
23.4%

You're not logged in!

Compare scores with friends on all Sporcle quizzes.
Join for Free
OR
Log In

You Might Also Like...

Show Comments

Extras

Created Mar 5, 2016ReportNominate
Tags:Harry Potter Quiz

Top Quizzes Today


Score Distribution

Your Account Isn't Verified!

In order to create a playlist on Sporcle, you need to verify the email address you used during registration. Go to your Sporcle Settings to finish the process.

Report this User

Report this user for behavior that violates our Community Guidelines.

Details: